[Event "XXVI Memorial Edoardo Crespi A"]
[Site "Milano ITA"]
[Date "2005.12.11"]
[Round "7"]
[White "Papa, Angelo"]
[Black "Candura, Stefano"]
[Result "0-1"]
[WhiteElo "1900"]
[BlackElo "2039"]
[PlyCount "64"]
[EventDate "2005.12.07"]

1. d4 e6 2. Nf3 f5 3. c4 Nf6 4. e3 d5 5. Bd3 c6 6. O-O Bd6 7. b3 O-O 8. Ba3 Ne4
9. Bxd6 Qxd6 10. c5 Qc7 11. Qc2 Nd7 12. b4 e5 13. Nc3 Nxc3 14. Bxf5 Ne4 15.
Bxd7 Bxd7 16. Nxe5 Bf5 17. Qb2 Nf6 18. a4 Nd7 19. f4 Nxe5 20. dxe5 b6 21. Rac1
Rab8 22. cxb6 Qxb6 23. Qd4 Rfc8 24. b5 Qxd4 25. exd4 cxb5 26. Rxc8+ Bxc8 27.
axb5 Rxb5 28. f5 Kf7 29. e6+ Bxe6 30. fxe6+ Kxe6 31. Re1+ Kf6 32. Kf2 Rb2+ 0-1

[Event "XXVI Memorial Edoardo Crespi A"]
[Site "Milano ITA"]
[Date "2005.12.11"]
[Round "7"]
[White "Piantoni, Pierino"]
[Black "Casartelli, Fabio"]
[Result "1/2-1/2"]
[WhiteElo "1974"]
[BlackElo "1977"]
[PlyCount "131"]
[EventDate "2005.12.07"]

1. b4 b6 2. Bb2 e6 3. b5 Bb7 4. Nf3 Nf6 5. d3 Bb4+ 6. c3 Bc5 7. Nbd2 d5 8. g3
O-O 9. Bg2 Nbd7 10. O-O a6 11. a4 axb5 12. axb5 Re8 13. Qc2 e5 14. Nh4 Nf8 15.
c4 c6 16. cxd5 cxb5 17. e4 Qc7 18. Qb3 b4 19. h3 Nh5 20. Bf3 Nxg3 21. Rfc1 Rxa1
22. Bxa1 Bxf2+ 23. Kxf2 Qxc1 24. Qb2 Qxb2 25. Bxb2 Rc8 26. Bxe5 Rc2 27. Ke3
Nf1+ 28. Nxf1 b3 29. Bd1 Rc1 30. Kd2 Rb1 31. Ne3 Nd7 32. Bd4 Ba6 33. Nhf5 Nc5
34. Bxc5 bxc5 35. Kc3 g6 36. Ng3 b2 37. Bc2 Re1 38. Nc4 b1=Q 39. Bxb1 Rxb1 40.
e5 Kf8 41. Ne4 Bxc4 42. dxc4 Re1 43. Nxc5 Re3+ 44. Kd4 Rxh3 45. d6 g5 46. Ne4
g4 47. c5 g3 48. Ke3 g2+ 49. Kf2 Re3 50. Nf6 Re2+ 51. Kg1 Rc2 52. Nxh7+ Ke8 53.
c6 Rxc6 54. Nf6+ Kd8 55. Kxg2 Rc5 56. Ng4 Rc3 57. Nf6 Ra3 58. Kf2 Ra5 59. Ng4
Kd7 60. Kf3 Ra4 61. Kg3 Ke6 62. Kf3 Kf5 63. Nh6+ Kxe5 64. d7 Rd4 65. d8=Q Rxd8
66. Nxf7+ 1/2-1/2

[Event "XXVI Memorial Edoardo Crespi A"]
[Site "Milano ITA"]
[Date "2005.12.11"]
[Round "7"]
[White "Ramiro Ovejero, Juan Luis"]
[Black "Facchetti, Gianni"]
[Result "1-0"]
[WhiteElo "2332"]
[BlackElo "2123"]
[PlyCount "139"]
[EventDate "2005.12.07"]

1. e4 e5 2. Bc4 Nf6 3. d3 d6 4. Nf3 Be7 5. Nc3 Nc6 6. a3 O-O 7. h3 Be6 8. Nd5
Bxd5 9. exd5 Nb8 10. O-O Nbd7 11. d4 e4 12. Nd2 Nb6 13. Ba2 Nbxd5 14. Nxe4 Nb6
15. Ng5 d5 16. Re1 h6 17. Nf3 Bd6 18. c3 Qd7 19. Ne5 Qd8 20. Qf3 c6 21. Bf4 Ne4
22. c4 Bxe5 23. dxe5 f5 24. cxd5 Nxd5 25. Rad1 Kh8 26. Bc1 Qd7 27. Bb1 Qe6 28.
Bxe4 fxe4 29. Qxe4 Rf7 30. Qg4 Re8 31. Qxe6 Rxe6 32. g3 g5 33. Rd4 Kh7 34. h4
Rf5 35. Rde4 Kg6 36. Kg2 Rf7 37. f3 Rfe7 38. Kh3 Rf7 39. hxg5 hxg5 40. Kg4 Rf5
41. f4 gxf4 42. Bxf4 Rh5 43. Kf3 Rh2 44. R4e2 Rh7 45. Rd1 Kf5 46. g4+ Kg6 47.
Rh2 Rxh2 48. Bxh2 Kg5 49. Re1 Kg6 50. Bg3 Ne7 51. Rh1 Kg7 52. Rh5 Rh6 53. Rxh6
Kxh6 54. Bh4 Nd5 55. Ke4 Kg6 56. e6 Nc7 57. Ke5 Ne8 58. Bf2 b6 59. Be3 Kg7 60.
Bg5 Kg6 61. Bd8 Kg7 62. a4 Kg6 63. b4 Kg7 64. b5 cxb5 65. axb5 Kf8 66. Kd5 Kg8
67. Kc6 Ng7 68. Kd7 Kf8 69. Bf6 Ne8 70. Be7+ 1-0

[Event "XXVI Memorial Edoardo Crespi A"]
[Site "Milano ITA"]
[Date "2005.12.11"]
[Round "7"]
[White "Ranola, Yves"]
[Black "Salvador, Roland"]
[Result "1/2-1/2"]
[WhiteElo "2455"]
[BlackElo "2397"]
[PlyCount "37"]
[EventDate "2005.12.07"]

1. Nf3 Nf6 2. g3 g6 3. Bg2 Bg7 4. d4 O-O 5. Nc3 d5 6. O-O c6 7. Ne5 Nfd7 8. f4
f5 9. Be3 Nf6 10. b4 Nbd7 11. Rb1 e6 12. Qc1 a5 13. b5 Nxe5 14. dxe5 Nd7 15.
Na4 Rf7 16. c4 Bf8 17. Rb3 Bb4 18. a3 cxb5 19. cxb5 1/2-1/2

[Event "XXVI Memorial Edoardo Crespi A"]
[Site "Milano ITA"]
[Date "2005.12.11"]
[Round "7"]
[White "Salmoiraghi, Angelo"]
[Black "Mazzariol, Oscar"]
[Result "1-0"]
[WhiteElo "1959"]
[BlackElo "2065"]
[PlyCount "53"]
[EventDate "2005.12.07"]

1. e4 c6 2. d4 d6 3. Nc3 Nd7 4. Bc4 Ngf6 5. e5 dxe5 6. dxe5 Nxe5 7. Qxd8+ Kxd8
8. Bb3 Ke8 9. Bf4 Ng6 10. Bg3 Bf5 11. O-O-O e6 12. f3 Bc5 13. Nge2 Ne7 14. Be5
Rg8 15. g4 Bg6 16. h4 h5 17. g5 Nfd5 18. Ne4 Bxe4 19. fxe4 Ne3 20. Rd3 Ng4 21.
Bg3 Nf2 22. Bxf2 Bxf2 23. Rf3 Bc5 24. Rhf1 Ng6 25. Rxf7 Rf8 26. Bxe6 Nxh4 27.
Bd7+ 1-0

[Event "XXVI Memorial Edoardo Crespi A"]
[Site "Milano ITA"]
[Date "2005.12.11"]
[Round "7"]
[White "Tencati, Giuseppe"]
[Black "Fossati, Remigio"]
[Result "1/2-1/2"]
[WhiteElo "2132"]
[BlackElo "2178"]
[PlyCount "130"]
[EventDate "2005.12.07"]

1. f4 d5 2. Nf3 g6 3. g3 Bg7 4. Bg2 Nf6 5. O-O c5 6. d3 Nc6 7. c3 O-O 8. Qc2 b6
9. e4 Bb7 10. h3 Qc7 11. Be3 Rfd8 12. Nbd2 Ba6 13. e5 Nd7 14. Rf2 e6 15. Nf1 b5
16. g4 Rab8 17. b4 Bf8 18. a3 Bb7 19. d4 cxd4 20. cxd4 a5 21. f5 Rdc8 22. fxe6
fxe6 23. Rc1 Qd8 24. Qd2 Qe8 25. Bh6 Bxh6 26. Qxh6 Qe7 27. bxa5 Rf8 28. a6 Ba8
29. Rfc2 Rb6 30. h4 Rxa6 31. h5 Qg7 32. Qe3 Re8 33. Ng3 Nf8 34. Bh3 Qe7 35.
hxg6 hxg6 36. Bf1 Rxa3 37. Bd3 Nb8 38. Rh2 Bc6 39. Rf1 b4 40. Ne1 Bb5 41. Qh6
Qg7 42. Qxg7+ Kxg7 43. Bxb5 Re7 44. Rf3 Rb7 45. Rxa3 bxa3 46. Bd3 Nc6 47. Ra2
Nxd4 48. Rxa3 Nd7 49. Ra4 Nc6 50. Nf3 Ndxe5 51. Nxe5 Nxe5 52. Be2 Kf6 53. Rf4+
Kg5 54. Ra4 Rf7 55. Ra6 Rf6 56. Kg2 Nxg4 57. Ra3 Nh6 58. Ba6 Nf5 59. Bc8 Kg4
60. Ra4+ Kg5 61. Ra3 Nd6 62. Ba6 Rf4 63. Rc3 Kf6 64. Ne2 Ra4 65. Bd3 Nf5
1/2-1/2

[Event "XXVI Memorial Edoardo Crespi A"]
[Site "Milano ITA"]
[Date "2005.12.11"]
[Round "7"]
[White "Tramalloni, Luca"]
[Black "Barberi, Alessandro"]
[Result "0-1"]
[WhiteElo "2136"]
[BlackElo "2110"]
[PlyCount "70"]
[EventDate "2005.12.07"]

1. d4 g6 2. c4 Bg7 3. Nc3 d6 4. e4 Nf6 5. Be2 O-O 6. Bg5 Nbd7 7. f4 h6 8. Bh4
e5 9. fxe5 dxe5 10. dxe5 Nxe5 11. Qxd8 Rxd8 12. Bxf6 Bxf6 13. Nd5 Nd7 14. O-O-O
Bg5+ 15. Kb1 c6 16. h4 Bxh4 17. Rxh4 cxd5 18. exd5 Kg7 19. b4 a5 20. a3 axb4
21. axb4 Ra4 22. c5 Nxc5 23. Bb5 Ra3 24. Kb2 Rb3+ 25. Ka2 Bg4 26. bxc5 Bxd1 27.
Ba4 Ra8 28. Rd4 Rg3 29. Rxd1 Rxa4+ 30. Kb2 Rb4+ 31. Ka2 Rxg2+ 32. Ka3 Re4 33.
d6 Rg3+ 34. Kb2 Re8 35. Kc2 Rg5 0-1

[Event "XXVI Memorial Edoardo Crespi A"]
[Site "Milano ITA"]
[Date "2005.12.11"]
[Round "7"]
[White "Van Hoolandt, Patrick"]
[Black "Massironi, Marco"]
[Result "1-0"]
[WhiteElo "2185"]
[BlackElo "2112"]
[PlyCount "77"]
[EventDate "2005.12.07"]

1. d4 Nf6 2. c4 g6 3. Nc3 d5 4. cxd5 Nxd5 5. Bd2 Bg7 6. e4 Nxc3 7. Bxc3 O-O 8.
Rc1 Nd7 9. Nf3 c5 10. dxc5 Bxc3+ 11. Rxc3 Qa5 12. a3 Nf6 13. Qc2 Bg4 14. Be2
Rac8 15. O-O Rfd8 16. h3 Bd7 17. b4 Qa4 18. Bd1 Qxc2 19. Bxc2 Bc6 20. Re1 a5
21. Rd3 axb4 22. axb4 Rxd3 23. Bxd3 Rd8 24. Bc2 Ra8 25. Nd4 Ra2 26. Nxc6 bxc6
27. Rc1 Kf8 28. Bd3 Ra3 29. Be2 Nxe4 30. Bf3 f5 31. Bxe4 fxe4 32. Re1 e3 33.
Rxe3 Rxe3 34. fxe3 Kf7 35. Kf2 Ke6 36. e4 Kd7 37. Ke3 e5 38. Kd3 Kc7 39. Kc4
1-0

[Event "XXVI Memorial Edoardo Crespi A"]
[Site "Milano ITA"]
[Date "2005.12.11"]
[Round "7"]
[White "Zanetti, Alberto"]
[Black "Bozzali, Ermanno"]
[Result "1/2-1/2"]
[WhiteElo "2219"]
[BlackElo "2108"]
[PlyCount "84"]
[EventDate "2005.12.07"]

1. e4 c5 2. Nf3 d6 3. Bb5+ Nd7 4. O-O Ngf6 5. Nc3 e6 6. d4 cxd4 7. Qxd4 a6 8.
Bxd7+ Bxd7 9. Bg5 Be7 10. Rad1 h6 11. Bf4 e5 12. Bxe5 dxe5 13. Nxe5 Qc8 14.
Nxd7 Qxd7 15. Nd5 Nxd5 16. Qxg7 Bf6 17. Qg3 O-O-O 18. Rxd5 Qc7 19. Qxc7+ Kxc7
20. Rf5 Bxb2 21. Rxf7+ Kc8 22. g4 Rd2 23. c4 Re2 24. Rd1 Rxe4 25. Rdd7 Rxg4+
26. Kf1 Rxc4 27. Rxb7 Bd4 28. Rbe7 Rc6 29. Ke2 Bb6 30. h4 Bc7 31. f4 Rg8 32.
Kf3 Rgg6 33. h5 Rgd6 34. f5 Rd4 35. f6 Rf4+ 36. Ke3 Rfxf6 37. Rxc7+ Kd8 38.
Rfd7+ Ke8 39. Rxc6 Rxc6 40. Rh7 Rc2 41. Rxh6 Rxa2 42. Rh7 Kf8 1/2-1/2

[Event "V Torneo"]
[Site "Bassano del Grappa ITA"]
[Date "2005.12.26"]
[Round "1"]
[White "Cacco, Christian"]
[Black "Carlini, Francesco"]
[Result "1-0"]
[WhiteElo "2393"]
[BlackElo "1832"]
[PlyCount "115"]
[EventDate "2005.12.26"]

1. d4 d5 2. Nf3 Nf6 3. c4 e6 4. Bg5 Be7 5. Nc3 h6 6. Bh4 O-O 7. e3 b6 8. Rc1
Nbd7 9. cxd5 exd5 10. Bd3 Bb7 11. Qc2 c5 12. O-O Rc8 13. dxc5 Nxc5 14. Bf5 Ne6
15. Rfd1 Qc7 16. Nd4 Nxd4 17. Rxd4 Rce8 18. Nxd5 Nxd5 19. Qxc7 Nxc7 20. Rxc7
Bxh4 21. Rxh4 Rd8 22. h3 Bc8 23. Bxc8 Rxc8 24. Rhc4 Ra8 25. Rd7 Rfd8 26. Rcc7
Rxd7 27. Rxd7 Rc8 28. Rxa7 Rc1+ 29. Kh2 Rc2 30. b4 Rxf2 31. Ra8+ Kh7 32. b5 Re2
33. Ra6 f6 34. a4 Ra2 35. Kg3 Kg6 36. Kf4 Rf2+ 37. Ke4 Rxg2 38. Rxb6 Rh2 39. a5
Rxh3 40. a6 Rh4+ 41. Kf3 Ra4 42. Rb7 h5 43. a7 h4 44. b6 h3 45. Kg3 Ra3 46. Kh2
Kf5 47. Rxg7 Ra2+ 48. Kxh3 Ra3 49. Re7 Ra1 50. Kg2 Ra2+ 51. Kf3 Ra6 52. e4+ Kg5
53. Rg7+ Kh6 54. Rg1 Ra3+ 55. Kf4 Ra2 56. Kf5 Ra5+ 57. Kxf6 Kh5 58. e5 1-0

[Event "V Torneo"]
[Site "Bassano del Grappa ITA"]
[Date "2005.12.26"]
[Round "1"]
[White "Carlassara, Renato"]
[Black "Dvirnyy, Danyyil"]
[Result "0-1"]
[WhiteElo "1694"]
[BlackElo "2272"]
[PlyCount "46"]
[EventDate "2005.12.26"]

1. e4 c5 2. d4 cxd4 3. c3 d3 4. Bxd3 Nc6 5. c4 d6 6. h3 g6 7. Nf3 Bg7 8. Nc3
Nf6 9. O-O O-O 10. Qe2 Qa5 11. Bd2 Qh5 12. Qe3 Be6 13. Rac1 Nd7 14. Qg5 Qxg5
15. Bxg5 Nc5 16. Bb1 Bxc4 17. Rfd1 Ne6 18. Be3 Rfd8 19. b3 Ba6 20. Nd5 Be2 21.
Rd2 Bxf3 22. gxf3 Kf8 23. Rc4 Ne5 0-1

[Event "V Torneo"]
[Site "Bassano del Grappa ITA"]
[Date "2005.12.26"]
[Round "1"]
[White "Ferretti, Folco"]
[Black "Zanatta, Federico"]
[Result "1-0"]
[WhiteElo "2264"]
[BlackElo "1781"]
[PlyCount "53"]
[EventDate "2005.12.26"]

1. Nf3 Nf6 2. c4 c5 3. Nc3 g6 4. d4 cxd4 5. Nxd4 Bg7 6. e4 d6 7. Be2 O-O 8. O-O
Nc6 9. Nc2 Nd7 10. Bd2 a6 11. b3 Rb8 12. Rc1 Nc5 13. f3 Na7 14. Nd5 e6 15. Ndb4
Qe7 16. Bf4 Rd8 17. Qd2 a5 18. Nd3 Nxd3 19. Bxd3 b6 20. Rfd1 Rb7 21. Bf1 Rbd7
22. Be3 Rb7 23. Qf2 Qc7 24. Qh4 Bd7 25. Rxd6 Qxd6 26. Qxd8+ Bf8 27. Be2 1-0

[Event "V Torneo"]
[Site "Bassano del Grappa ITA"]
[Date "2005.12.26"]
[Round "1"]
[White "Marson, Luca"]
[Black "Caverzan, Leonardo"]
[Result "0-1"]
[WhiteElo "1972"]
[BlackElo "1542"]
[PlyCount "64"]
[EventDate "2005.12.26"]

1. e4 c5 2. Nf3 d6 3. d4 cxd4 4. Nxd4 Nf6 5. Nc3 e6 6. Be2 a6 7. O-O Nbd7 8. f4
b5 9. Bf3 Bb7 10. a3 Nb6 11. Qe2 Be7 12. e5 Nfd5 13. Nxd5 Bxd5 14. Nc6 Qc7 15.
Nxe7 Qxe7 16. Bxd5 Nxd5 17. exd6 Qxd6 18. f5 e5 19. Kh1 Rc8 20. c3 f6 21. Rd1
O-O 22. Qe4 Nxc3 23. Rxd6 Nxe4 24. Rxa6 Nc5 25. Rb6 Nb3 26. Rb1 Rxc1+ 27. Rxc1
Nxc1 28. Rxb5 e4 29. Kg1 e3 30. Rd5 e2 31. Kf2 Re8 32. Ke1 Re3 0-1

[Event "V Torneo"]
[Site "Bassano del Grappa ITA"]
[Date "2005.12.26"]
[Round "1"]
[White "Pichierri, Gianmatteo"]
[Black "Valsecchi, Alessio"]
[Result "0-1"]
[WhiteElo "1539"]
[BlackElo "1965"]
[PlyCount "76"]
[EventDate "2005.12.26"]

1. e4 c5 2. Nf3 d6 3. d4 cxd4 4. Nxd4 Nf6 5. Nc3 g6 6. Bg5 Bg7 7. Qd2 O-O 8.
Bh6 Bxh6 9. Qxh6 Nc6 10. Nb3 Be6 11. Qd2 a6 12. Nd4 Nxd4 13. Qxd4 Rc8 14. Be2
b5 15. O-O Bc4 16. Qd2 b4 17. Bxc4 Rxc4 18. Qd3 Qc7 19. Nd5 Nxd5 20. exd5 a5
21. Rac1 Rc8 22. c3 bxc3 23. bxc3 Rxc3 24. Rxc3 Qxc3 25. Qe2 Rc7 26. f4 Qd4+
27. Qf2 Qxf2+ 28. Rxf2 Rc1+ 29. Rf1 Rc4 30. f5 Rd4 31. fxg6 hxg6 32. Re1 Kf8
33. Re2 Rxd5 34. Kf2 e6 35. Rb2 Ke7 36. Ke3 e5 37. Rb8 Rd4 38. Ra8 Ra4 0-1

[Event "V Torneo"]
[Site "Bassano del Grappa ITA"]
[Date "2005.12.26"]
[Round "1"]
[White "Reginato, Mauro"]
[Black "Efimov, Igor"]
[Result "0-1"]
[WhiteElo "1827"]
[BlackElo "2403"]
[PlyCount "50"]
[EventDate "2005.12.26"]

1. e4 c5 2. Nf3 d6 3. d4 cxd4 4. Nxd4 Nf6 5. Nc3 a6 6. Be2 b5 7. O-O Bb7 8. Bf3
Nbd7 9. Re1 Ne5 10. a4 b4 11. Nd5 e6 12. Nxb4 Be7 13. Nd3 Nxf3+ 14. gxf3 O-O
15. Kh1 Rc8 16. Rg1 g6 17. Bh6 Re8 18. Qe2 Qd7 19. Rg2 Rc4 20. Be3 Rxa4 21.
Rag1 Bf8 22. Rg3 e5 23. Nf5 Nxe4 24. Nh6+ Bxh6 25. fxe4 Rxe4 0-1

[Event "V Torneo"]
[Site "Bassano del Grappa ITA"]
[Date "2005.12.26"]
[Round "1"]
[White "Reginato, Sabrina"]
[Black "Mogranzini, Roberto"]
[Result "0-1"]
[WhiteElo "1745"]
[BlackElo "2353"]
[PlyCount "70"]
[EventDate "2005.12.26"]

1. e4 c5 2. Nf3 e6 3. d4 cxd4 4. Nxd4 a6 5. Nc3 Qc7 6. Be2 Nc6 7. Be3 Nf6 8. f4
Bb4 9. Bf3 d6 10. O-O O-O 11. Qe1 Nxd4 12. Bxd4 e5 13. fxe5 dxe5 14. Be3 Be6
15. Bd2 Rfd8 16. a3 Bc5+ 17. Be3 Bd4 18. Rd1 Qb6 19. Bxd4 Rxd4 20. Rxd4 exd4
21. Qf2 Qxb2 22. Qxd4 Rc8 23. Ne2 Qxa3 24. e5 Nd7 25. Bxb7 Rc4 26. Qa7 Qc5+ 27.
Qxc5 Nxc5 28. Bf3 Rxc2 29. Nf4 a5 30. Rb1 g6 31. Bd5 Bxd5 32. Nxd5 Kg7 33. Ra1
Nd3 34. Rf1 Rc5 35. Nb6 Nxe5 0-1

[Event "V Torneo"]
[Site "Bassano del Grappa ITA"]
[Date "2005.12.27"]
[Round "2"]
[White "Dvirnyy, Danyyil"]
[Black "Forato, Enrico"]
[Result "1-0"]
[WhiteElo "2272"]
[BlackElo "1951"]
[PlyCount "67"]
[EventDate "2005.12.26"]

1. e4 c5 2. Nf3 e6 3. d4 cxd4 4. Nxd4 Nf6 5. Bd3 d6 6. O-O a6 7. c4 Nc6 8. Nb3
Be7 9. Nc3 d5 10. exd5 exd5 11. c5 O-O 12. Bf4 b6 13. cxb6 Qxb6 14. Be3 Qc7 15.
Rc1 Rd8 16. Nd4 Nxd4 17. Nxd5 Qd6 18. Nxe7+ Qxe7 19. Bxd4 Rxd4 20. Bxh7+ Kxh7
21. Qxd4 Be6 22. Rfd1 Bxa2 23. b3 Rb8 24. Rc3 Qe4 25. Rh3+ Kg8 26. Qb2 Bxb3 27.
Rxb3 Rxb3 28. Qxb3 Qa8 29. h3 a5 30. Ra1 Nd5 31. Qa4 Qb7 32. Qe8+ Kh7 33. Qe4+
g6 34. Rxa5 1-0

[Event "V Torneo"]
[Site "Bassano del Grappa ITA"]
[Date "2005.12.27"]
[Round "2"]
[White "Efimov, Igor"]
[Black "Cedriano, Filippo"]
[Result "1-0"]
[WhiteElo "2403"]
[BlackElo "2039"]
[PlyCount "39"]
[EventDate "2005.12.26"]

1. d4 d5 2. c4 e6 3. Nc3 Nf6 4. Nf3 c6 5. Qb3 Ne4 6. g3 f5 7. Bg2 Be7 8. Ne5
Nd7 9. Nd3 Nd6 10. cxd5 exd5 11. O-O O-O 12. Bf4 Nf7 13. Rfd1 g5 14. Bd2 g4 15.
Rac1 Ng5 16. Bf4 Ne6 17. Nxd5 Kh8 18. Nxe7 Qxe7 19. Qc3 Nf6 20. Be5 1-0

[Event "V Torneo"]
[Site "Bassano del Grappa ITA"]
[Date "2005.12.27"]
[Round "2"]
[White "Giacomelli, Gianni"]
[Black "Genna, Jose' Miguel"]
[Result "0-1"]
[WhiteElo "1900"]
[BlackElo "2225"]
[PlyCount "78"]
[EventDate "2005.12.26"]

1. d4 e6 2. c4 f5 3. Nc3 Nf6 4. g3 d5 5. Bg2 c6 6. Nh3 Bd6 7. O-O O-O 8. Bf4
Qe7 9. f3 Nbd7 10. e4 dxe4 11. Bxd6 Qxd6 12. fxe4 fxe4 13. Nxe4 Nxe4 14. Bxe4
Rxf1+ 15. Kxf1 e5 16. Ng5 Qf6+ 17. Nf3 exd4 18. Qxd4 Qxd4 19. Nxd4 Ne5 20. Kg1
Nxc4 21. Nxc6 bxc6 22. Bxc6 Nb6 23. a4 Be6 24. Bxa8 Nxa8 25. Rd1 Nb6 26. Rd6
Kf7 27. a5 Ke7 28. Rxe6+ Kxe6 29. axb6 axb6 30. Kf2 Kd5 31. Ke3 Kc4 32. Kd2 b5
33. Kc2 b4 34. Kd2 Kb3 35. Kc1 Ka2 36. Kc2 b3+ 37. Kc3 h5 38. h3 g5 39. g4 h4
0-1

[Event "V Torneo"]
[Site "Bassano del Grappa ITA"]
[Date "2005.12.27"]
[Round "2"]
[White "Logallo, Claudio"]
[Black "Cacco, Christian"]
[Result "1/2-1/2"]
[WhiteElo "2030"]
[BlackElo "2393"]
[PlyCount "101"]
[EventDate "2005.12.26"]

1. e4 g6 2. d4 Bg7 3. Nf3 d6 4. Nc3 Nf6 5. Be3 c6 6. Qd2 Ng4 7. Bg5 h6 8. Bh4
Qa5 9. Be2 Nf6 10. O-O g5 11. Bg3 Nh5 12. Rab1 Nd7 13. b4 Qc7 14. b5 O-O 15.
bxc6 bxc6 16. h4 Nxg3 17. fxg3 g4 18. Nh2 Nf6 19. Kh1 Qa5 20. Qe3 h5 21. Bc4 e6
22. Rbe1 d5 23. e5 Nh7 24. Bd3 f5 25. exf6 Nxf6 26. Ne2 c5 27. Qg5 Ba6 28. Nf4
Rae8 29. Nxh5 Nxh5 30. Qxh5 Bxd3 31. cxd3 Rxf1+ 32. Rxf1 Rf8 33. Rxf8+ Kxf8 34.
Nxg4 Bxd4 35. Qg6 Ke7 36. Nh6 Qxa2 37. Qf7+ Kd6 38. Qb7 c4 39. Nf7+ Kc5 40.
dxc4 Qa1+ 41. Kh2 Kxc4 42. Qc8+ Kd3 43. Qxe6 Qg1+ 44. Kh3 Qh1+ 45. Kg4 Qxg2 46.
Qa6+ Ke3 47. Qa3+ Ke2 48. Qa2+ Kf1 49. Qb1+ Kf2 50. Qc2+ Kg1 51. Qd3 1/2-1/2

[Event "V Torneo"]
[Site "Bassano del Grappa ITA"]
[Date "2005.12.27"]
[Round "2"]
[White "Mogranzini, Roberto"]
[Black "Zarpellon, Daniel"]
[Result "1-0"]
[WhiteElo "2353"]
[BlackElo "2010"]
[PlyCount "112"]
[EventDate "2005.12.26"]

1. e4 c5 2. Nf3 Nc6 3. d4 cxd4 4. Nxd4 g6 5. c4 Bg7 6. Be3 Nf6 7. Nc3 d6 8. f3
Bd7 9. Qd2 Nxd4 10. Bxd4 a5 11. Be2 O-O 12. O-O Bc6 13. Rac1 Nd7 14. Be3 Nc5
15. b3 Qb6 16. Rb1 Rfc8 17. Rfc1 Qd8 18. a3 a4 19. bxa4 Nxa4 20. Nd5 Bxd5 21.
exd5 b6 22. Qb4 Rcb8 23. Bd1 Nc5 24. Bc2 Qf8 25. Re1 Bf6 26. Kh1 Qg7 27. Bd2
Ra6 28. f4 Rba8 29. Re3 Kf8 30. Rh3 Kg8 31. Rg3 Kh8 32. Re1 Bh4 33. Bc3 f6 34.
Bb2 Bxg3 35. hxg3 Kg8 36. Re3 Kf8 37. Kg1 Qf7 38. g4 R8a7 39. Qe1 Qg8 40. g5 f5
41. g4 Qf7 42. gxf5 gxf5 43. Qh4 Ke8 44. Bd1 Kd8 45. Bh5 Qf8 46. Be2 Qf7 47.
Rh3 Ne4 48. Bh5 Qf8 49. Qe1 Ra4 50. Bd1 Qf7 51. Bxa4 Rxa4 52. Qe3 Kc7 53. Qb3
Ra5 54. Bd4 Nc5 55. Qb1 Nd7 56. Qe1 Nc5 1-0

[Event "V Torneo"]
[Site "Bassano del Grappa ITA"]
[Date "2005.12.27"]
[Round "2"]
[White "Valsecchi, Alessio"]
[Black "Ferretti, Folco"]
[Result "0-1"]
[WhiteElo "1965"]
[BlackElo "2264"]
[PlyCount "62"]
[EventDate "2005.12.26"]

1. e4 c6 2. d4 d5 3. e5 c5 4. dxc5 e6 5. Be3 Nh6 6. Bd3 Nd7 7. Nf3 Bxc5 8. Bxc5
Nxc5 9. O-O O-O 10. Qe2 f6 11. Nbd2 Bd7 12. c4 Nxd3 13. Qxd3 Bc6 14. Rfe1 fxe5
15. Rxe5 dxc4 16. Qxc4 Bd5 17. Qe2 Qb6 18. b3 Rac8 19. Ng5 Rxf2 20. Qxf2 Qxf2+
21. Kxf2 Ng4+ 22. Kg3 Nxe5 23. Re1 Rc3+ 24. Ndf3 Nxf3 25. gxf3 h6 26. Nxe6
Rxf3+ 27. Kg4 Rf2 28. Nf4 Bc6 29. Re7 Rxh2 30. Ng6 Rg2+ 31. Kf5 Rg5+ 0-1

[Event "V Torneo"]
[Site "Bassano del Grappa ITA"]
[Date "2005.12.27"]
[Round "3"]
[White "Bonafede, Alessandro"]
[Black "Dvirnyy, Danyyil"]
[Result "1/2-1/2"]
[WhiteElo "2147"]
[BlackElo "2272"]
[PlyCount "100"]
[EventDate "2005.12.26"]

1. e4 c5 2. Nf3 d6 3. d4 cxd4 4. Nxd4 Nf6 5. Nc3 g6 6. Be3 Bg7 7. f3 Nc6 8. Qd2
O-O 9. Bc4 Bd7 10. O-O-O Rb8 11. Bb3 Na5 12. h4 b5 13. Bh6 Nc4 14. Bxc4 bxc4
15. Bxg7 Kxg7 16. Nd5 e5 17. Nxf6 Qxf6 18. Ne2 Rb6 19. Qg5 Rfb8 20. Qxf6+ Kxf6
21. Nc3 Ke6 22. b3 a5 23. Kb2 Bc6 24. Rd2 a4 25. Rhd1 axb3 26. Rxd6+ Ke7 27.
cxb3 cxb3 28. a3 R8b7 29. g4 h6 30. h5 gxh5 31. Rxh6 hxg4 32. fxg4 f6 33. Rf1
Rd7 34. Rh7+ Kd8 35. Rxd7+ Bxd7 36. Nd5 Rc6 37. Rxf6 Rc2+ 38. Kxb3 Rg2 39. Rg6
Rxg4 40. Rxg4 Bxg4 41. Kb4 Kc8 42. Kc5 Bf3 43. Nc3 Kc7 44. Kd5 Kb6 45. Kd6 Bxe4
46. Nxe4 Ka5 47. Nc5 e4 48. Kd5 e3 49. Kc4 e2 50. Nd3 Ka4 1/2-1/2

[Event "V Torneo"]
[Site "Bassano del Grappa ITA"]
[Date "2005.12.27"]
[Round "3"]
[White "Cacco, Christian"]
[Black "Verducci, Gianni"]
[Result "1-0"]
[WhiteElo "2393"]
[BlackElo "2063"]
[PlyCount "53"]
[EventDate "2005.12.26"]

1. c4 c5 2. Nc3 Nc6 3. g3 g6 4. Bg2 Bg7 5. e3 e6 6. Nge2 Nge7 7. h4 h5 8. d4
cxd4 9. exd4 d5 10. cxd5 exd5 11. Bg5 Qa5 12. Bxe7 Nxe7 13. O-O O-O 14. Qb3 Be6
15. Rfd1 Rfd8 16. Nf4 Bg4 17. Re1 Nf5 18. Ncxd5 Nxd4 19. Ne7+ Kh7 20. Qxf7 Rd6
21. Nexg6 Rf6 22. Qxb7 Rc8 23. Re7 Nf5 24. Be4 Rg8 25. Re5 Qd2 26. Ne7 Rf7 27.
Rxf5 1-0

[Event "V Torneo"]
[Site "Bassano del Grappa ITA"]
[Date "2005.12.27"]
[Round "3"]
[White "Ferretti, Folco"]
[Black "Xia, Jie"]
[Result "1-0"]
[WhiteElo "2264"]
[BlackElo "2111"]
[PlyCount "77"]
[EventDate "2005.12.26"]

1. Nf3 Nf6 2. c4 d6 3. Nc3 Bf5 4. d3 e6 5. e4 Bg6 6. g3 c5 7. Bg2 Nc6 8. O-O
Be7 9. Re1 Nd7 10. d4 cxd4 11. Nxd4 O-O 12. Be3 Nde5 13. Qe2 Rc8 14. f4 Nxd4
15. Bxd4 Nc6 16. Be3 Qa5 17. Red1 Rfd8 18. a3 a6 19. b4 Nxb4 20. axb4 Qxb4 21.
Bf1 Bf6 22. f5 Qxc3 23. fxg6 Qxa1 24. gxf7+ Kxf7 25. Rxa1 Bxa1 26. Bh3 Re8 27.
Qf3+ Kg8 28. e5 Bxe5 29. Qxb7 Kh8 30. Bxe6 Rb8 31. Qd5 Rb1+ 32. Kg2 Rb2+ 33.
Kh3 Re2 34. Bf7 Rf8 35. Bg5 Rf2 36. Be7 R2xf7 37. Bxf8 Rxf8 38. c5 Rd8 39. c6
1-0

[Event "V Torneo"]
[Site "Bassano del Grappa ITA"]
[Date "2005.12.27"]
[Round "3"]
[White "Genna, Jose' Miguel"]
[Black "Efimov, Igor"]
[Result "0-1"]
[WhiteElo "2225"]
[BlackElo "2403"]
[PlyCount "116"]
[EventDate "2005.12.26"]

1. e4 c5 2. Nf3 e6 3. d4 cxd4 4. Nxd4 Nf6 5. Nc3 Nc6 6. Ndb5 d6 7. Bf4 e5 8.
Bg5 a6 9. Bxf6 gxf6 10. Na3 b5 11. Nd5 f5 12. c3 Bg7 13. exf5 Bxf5 14. Nc2 O-O
15. Nce3 Be4 16. Be2 f5 17. f3 f4 18. Ng4 Bg6 19. Nf2 Ne7 20. Nxe7+ Qxe7 21.
Bd3 Bf7 22. Be4 Rac8 23. Bd5 Kh8 24. Bxf7 Rxf7 25. Ne4 Qh4+ 26. Kf1 Bf8 27. Qd5
Rg7 28. Re1 Be7 29. Qe6 Rd8 30. Rd1 Rg6 31. Qf5 Qh6 32. Qf7 Re6 33. Qf5 d5 34.
Nf2 Kg7 35. Re1 Qf6 36. Qh5 Qg6 37. Qxg6+ hxg6 38. g3 Rf8 39. Kg2 Bc5 40. gxf4
Bxf2 41. Kxf2 Rxf4 42. Kg3 Ref6 43. Re3 R6f5 44. h4 Kf6 45. Rhe1 Rh5 46. Rh1 a5
47. Rh3 Ra4 48. a3 Rf4 49. Rd3 Ke6 50. Re3 a4 51. Re2 Kd6 52. Rg2 Kc5 53. Re2
Rff5 54. Rhh2 g5 55. Ref2 gxh4+ 56. Rxh4 Rxh4 57. Kxh4 e4 58. f4 e3 0-1

[Event "V Torneo"]
[Site "Bassano del Grappa ITA"]
[Date "2005.12.27"]
[Round "3"]
[White "Genocchio, Daniele"]
[Black "Alberti, Andrea"]
[Result "1-0"]
[WhiteElo "2348"]
[BlackElo "2179"]
[PlyCount "71"]
[EventDate "2005.12.26"]

1. e4 c5 2. Nf3 d6 3. d4 cxd4 4. Nxd4 Nf6 5. Nc3 a6 6. h3 e5 7. Nde2 Be6 8. g4
Be7 9. Bg2 O-O 10. Ng3 Nbd7 11. Nf5 Ne8 12. Be3 g6 13. Bh6 gxf5 14. gxf5 Bc4
15. Bf1 Ndf6 16. Bxc4 Qc7 17. Qd3 Kh8 18. O-O-O Rc8 19. Nd5 Nxd5 20. Bxd5 Ng7
21. Bb3 Rcd8 22. Rhg1 Bf6 23. Rg4 Rg8 24. Qc4 Rd7 25. Qxc7 Rxc7 26. Rdg1 Rd7
27. h4 Re7 28. h5 Rd7 29. Kd1 Re7 30. Bd5 Rd7 31. b4 Rc7 32. c4 Rd7 33. Kc2 Re7
34. Kb3 b6 35. R1g3 Rd7 36. a4 1-0